000 00687nam a22002297a 4500
003 UA-OsUOA
001 112696
007 ta
008 20150721b un ||||| |||| 00| 0 ukr d
100 _aПробийголова О.С.
700 _aКрасильников К.І.
090 _a902
_bП78
942 _cSA
040 _aUA-OsUOA
_bukr
_cUA-OsUOA
_dUA-OsUOA
245 _aГончарні печі фіналу доби бронзи на Донецькому кряжі
300 _aС.34-46
955 _a0
041 _aukr
080 _a902
773 0 _w112693
_tАрхеологія
_dК.
_d2015
_g2
650 7 _a9 Географія. Біографії. Історія
_2UDC
999 _c398640
_d398640